000 00490nam a2200181Ia 4500
008 220531s9999 xx 000 0 und d
041 _amar
082 _bNAG
100 _aनगरकर, संजय
_976032
245 _aमराठी कादंबरीतील शोकांतिका
250 _a1ST
260 _aPune
_bSnehvardhan
_c2014
300 _a190
542 _d14-08-2018
650 _aMarathi
_976033
906 _d2018-2019
_f12887
999 _c42245
_d42245